[Event "1st ACP Women World Rapid Cup"]
[Site "Konya TUR"]
[Date "2009.12.01"]
[Round "1"]
[White "Zhukova,N"]
[Black "Cmilyte,V"]
[Result "0-1"]
[WhiteElo "2465"]
[BlackElo "2480"]
[EventDate "2009.12.01"]

1. d4 Nf6 2. c4 g6 3. f3 Bg7 4. e4 d6 5. Nc3 O-O 6. Bg5 c5 7. d5 e6 8. Qd2
exd5 9. cxd5 a6 10. a4 Nbd7 11. Nh3 Ne5 12. Nf2 Qc7 13. Be2 Rb8 14. O-O c4
15. Rfc1 b5 16. axb5 axb5 17. b4 Nh5 18. Ra5 Bd7 19. Be3 f5 20. f4 Ng4 21.
Nxg4 fxg4 22. g3 Rfe8 23. Ra7 Rb7 24. Rca1 Nf6 25. Rxb7 Qxb7 26. Ra7 Qc8
27. Bd4 Qb8 28. Kg2 Nxe4 29. Nxe4 Bxd4 30. Qxd4 Rxe4 31. Qxe4 Qxa7 32. Qe7
c3 33. Bxg4 Qa2+ 34. Kh3 Bxg4+ 35. Kxg4 Qxd5 36. Qd8+ Kg7 37. Qc7+ Kg8 38.
Qxc3 Qh5+ 0-1

[Event "1st ACP Women World Rapid Cup"]
[Site "Konya TUR"]
[Date "2009.12.01"]
[Round "1"]
[White "Menzi,N"]
[Black "Javakhishvili,L"]
[Result "0-1"]
[WhiteElo "1847"]
[BlackElo "2482"]
[EventDate "2009.12.01"]

1. e4 c5 2. Nf3 b6 3. d4 cxd4 4. Nxd4 Bb7 5. Nc3 a6 6. Bd3 e6 7. O-O Qc7 8.
Be3 Nf6 9. f3 Be7 10. Qd2 d6 11. Rad1 Nbd7 12. Be2 O-O 13. Nb3 Rfd8 14. Bf4
Ne5 15. Nc1 Rac8 16. Bg3 b5 17. a3 Nc4 18. Bxc4 Qxc4 19. Qe2 Qc7 20. Nd3
Nd7 21. Nf2 Ne5 22. Bxe5 dxe5 23. Nd3 Bxa3 24. bxa3 Qxc3 25. Qf2 Qd4 26.
Rd2 f6 27. Rfd1 Qxf2+ 28. Kxf2 Kf8 29. Ke3 Rc3 30. Ra1 Rd4 31. a4 bxa4 32.
Ke2 Bc6 33. Ne1 Bb5+ 34. Kd1 Ke7 35. Rxd4 exd4 36. Kd2 g5 37. Nd3 Bxd3 38.
cxd3 a3 39. Ra2 Kd6 40. Rc2 Rxc2+ 41. Kxc2 Kc5 42. Kb3 a2 43. Kxa2 Kb4 44.
Kb2 a5 45. g3 a4 46. f4 g4 47. e5 f5 48. Ka2 Kc3 0-1

[Event "1st ACP Women World Rapid Cup"]
[Site "Konya TUR"]
[Date "2009.12.01"]
[Round "1"]
[White "Cramling,P"]
[Black "Klinova,M"]
[Result "1-0"]
[WhiteElo "2525"]
[BlackElo "2305"]
[EventDate "2009.12.01"]

1. d4 d6 2. Nf3 g6 3. c4 Bg7 4. Nc3 Bg4 5. e3 Nf6 6. Be2 O-O 7. O-O c5 8.
h3 Bf5 9. Bd3 Bxd3 10. Qxd3 cxd4 11. exd4 Nc6 12. d5 Nb4 13. Qe2 Nd7 14.
Bg5 Re8 15. Rac1 Nc5 16. Rfd1 a5 17. Nd4 Qd7 18. Be3 Rac8 19. Ndb5 Nba6 20.
Re1 Bf6 21. Red1 Qf5 22. Nd4 Qd7 23. Rb1 Kg7 24. b3 h5 25. a3 Nc7 26. Qc2
N5a6 27. b4 axb4 28. axb4 b5 29. Nc6 bxc4 30. b5 Nc5 31. Bxc5 dxc5 32. b6
Nxd5 33. Nxd5 Qxc6 34. b7 Rb8 35. Rb6 Qxb6 36. Nxb6 Rxb7 37. Nxc4 Bd4 38.
g3 Reb8 39. Qe4 e5 40. Nxe5 Re7 41. Rxd4 1-0

[Event "1st ACP Women World Rapid Cup"]
[Site "Konya TUR"]
[Date "2009.12.01"]
[Round "2"]
[White "Yildiz,B"]
[Black "Cramling,P"]
[Result "1/2-1/2"]
[WhiteElo "2213"]
[BlackElo "2525"]
[EventDate "2009.12.01"]

1. e4 c5 2. Nf3 e6 3. d4 cxd4 4. Nxd4 a6 5. c4 Nf6 6. Nc3 Qc7 7. a3 b6 8.
Be3 Bb7 9. f3 d6 10. Rc1 Nbd7 11. Be2 Be7 12. O-O O-O 13. Qd2 Rac8 14. Rfd1
Qb8 15. Qe1 Rfe8 16. Qf2 Bd8 17. b4 Bc7 18. g3 Kh8 19. Nb3 Rg8 20. Bd4 Ba8
21. Rb1 Bd8 22. c5 dxc5 23. bxc5 b5 24. a4 b4 25. Nd2 Nxc5 26. Nc4 Be7 27.
Be5 Qb7 28. Na5 Qb6 29. Nc4 Qb7 30. Na5 Qb6 31. Nc4 Qb7 32. Na5 Qb6 33. Nc4
Qb7 34. Na5 Qb6 1/2-1/2

[Event "1st ACP Women World Rapid Cup"]
[Site "Konya TUR"]
[Date "2009.12.01"]
[Round "2"]
[White "Ozturk,Ku"]
[Black "Kosintseva,T"]
[Result "0-1"]
[WhiteElo "2177"]
[BlackElo "2522"]
[EventDate "2009.12.01"]

1. d4 Nf6 2. c4 e6 3. Nf3 d5 4. g3 dxc4 5. Qc2 b5 6. a4 c6 7. Bg2 Bb7 8.
O-O Be7 9. b3 cxb3 10. Qxb3 b4 11. a5 O-O 12. Bb2 Na6 13. Ne5 Rc8 14. Rc1
Nb8 15. Nd2 Ba6 16. Qd1 c5 17. dxc5 Rxc5 18. e3 Rxa5 19. Rxa5 Qxa5 20. Ra1
Qc7 21. Bd4 Rc8 22. Ne4 Nxe4 23. Bxe4 Bf6 24. f4 h6 25. Qa4 Bb7 26. Bxb7
Qxb7 27. Qxa7 Qxa7 28. Rxa7 Bxe5 29. Bxe5 Rc1+ 30. Kf2 Rc2+ 31. Kf3 Nc6 32.
Ra8+ Kh7 33. h4 b3 34. Ra6 f6 35. Ba1 Nb4 36. Rb6 b2 37. Bxb2 Rxb2 38. Rxe6
Nd3 39. Rd6 Rd2 40. Rc6 h5 41. Rb6 f5 42. e4 fxe4+ 43. Kxe4 Nf2+ 44. Ke3
Ra2 45. f5 Ng4+ 46. Kf3 Ra3+ 47. Kf4 Ra4+ 48. Kf3 Nf6 49. Rb5 Ra3+ 50. Kf4
Ra4+ 51. Kf3 Rg4 52. Re5 Kh6 53. Re6 Rd4 54. Re5 Rd5 55. Rxd5 Nxd5 56. g4
hxg4+ 57. Kxg4 Nf6+ 58. Kf4 Kh5 59. Ke5 Kxh4 60. Ke6 Kg5 0-1

[Event "1st ACP Women World Rapid Cup"]
[Site "Konya TUR"]
[Date "2009.12.01"]
[Round "2"]
[White "Javakhishvili,L"]
[Black "Kosintseva,N"]
[Result "1/2-1/2"]
[WhiteElo "2482"]
[BlackElo "2518"]
[EventDate "2009.12.01"]

1. Nf3 Nf6 2. e3 d5 3. c4 e6 4. b3 Be7 5. Bb2 O-O 6. Be2 c5 7. O-O Nc6 8.
cxd5 Nxd5 9. a3 b6 10. Qc2 Bb7 11. d3 Rc8 12. Nbd2 Bf6 13. Nc4 Bxb2 14.
Qxb2 Qe7 15. Rac1 Rfd8 16. Rfd1 h6 17. Bf1 Qf6 18. d4 cxd4 19. Nxd4 Nce7
20. g3 Ng6 21. Bg2 Qe7 22. e4 Nf6 23. Qe2 Ne5 24. Nb5 Nxc4 25. bxc4 a6 26.
e5 Bxg2 27. exf6 Qxf6 28. Kxg2 axb5 29. cxb5 Rxc1 30. Rxc1 Qd4 31. Qf3 Rd7
32. Rc6 Kh7 33. a4 Ra7 34. Qe3 Qxe3 35. fxe3 Rxa4 36. h4 Rb4 37. Rxb6 Kg6
38. Rb7 Kf6 39. Kf3 Rb2 40. g4 g6 41. b6 Rb4 42. Kg3 Rb3 43. Kf3 Rb4 44.
Kg3 e5 45. Kf3 Ke6 46. g5 h5 47. Kg3 Rg4+ 48. Kf3 Rxh4 49. Rc7 Rb4 50. b7
Kf5 51. Rxf7+ Kxg5 52. Re7 Kf6 53. Rh7 Ke6 54. Rh6 Kf5 55. Rh7 e4+ 56. Kg3
Rb3 57. Kh4 Kf6 58. Rc7 Rb1 59. Rc6+ Kf5 60. Rc5+ Ke6 61. Rc6+ Kd5 62. Rc7
Ke5 63. Rc5+ Kf6 64. Rc6+ Kf5 65. Rc5+ Kf6 66. Rc6+ Kf5 67. Rc5+ Kf6
1/2-1/2

[Event "1st ACP Women World Rapid Cup"]
[Site "Konya TUR"]
[Date "2009.12.01"]
[Round "3"]
[White "Zhukova,N"]
[Black "Socko,M"]
[Result "0-1"]
[WhiteElo "2465"]
[BlackElo "2457"]
[EventDate "2009.12.01"]

1. d4 Nf6 2. c4 e6 3. Nf3 c5 4. e3 cxd4 5. exd4 d5 6. Nc3 Nc6 7. cxd5 Nxd5
8. Bd3 Be7 9. O-O O-O 10. Re1 Nf6 11. a3 b6 12. Bc2 Ba6 13. Bf4 Rc8 14. Qd2
Na5 15. Rac1 Nc4 16. Qe2 Bb7 17. Bb3 Nh5 18. Be3 Nxe3 19. fxe3 g6 20. Ne5
Bf6 21. Ng4 Bg7 22. Rf1 Qe7 23. Rcd1 Rcd8 24. Rc1 Kh8 25. Nb5 Ba6 26. Bc4
f5 27. Ne5 Bxe5 28. dxe5 Bxb5 29. Bxb5 Qg7 30. e4 f4 31. Rc6 Qxe5 32. Bc4
Rc8 33. Rxc8 Rxc8 34. b3 Rd8 35. Rd1 Rd4 36. Rxd4 Qxd4+ 37. Kf1 Nf6 38. e5
Ne4 39. Bxe6 Qxe5 40. Bg4 h5 41. Bh3 Qa1+ 42. Qe1 Nd2+ 43. Ke2 Qxe1+ 44.
Kxe1 Nxb3 45. Ke2 Kg7 46. Bc8 Kf6 47. Kd3 Ke5 48. Kc4 Nc5 49. Kb5 g5 50. a4
g4 51. a5 f3 52. gxf3 gxf3 53. axb6 axb6 54. Kxb6 f2 55. Bh3 Ne4 0-1

[Event "1st ACP Women World Rapid Cup"]
[Site "Konya TUR"]
[Date "2009.12.01"]
[Round "3"]
[White "Kosintseva,N"]
[Black "Cmilyte,V"]
[Result "0-1"]
[WhiteElo "2518"]
[BlackElo "2480"]
[EventDate "2009.12.01"]

1. e4 c5 2. Nf3 e6 3. d4 cxd4 4. Nxd4 Nf6 5. Nc3 Nc6 6. Nxc6 bxc6 7. e5 Nd5
8. Ne4 Qc7 9. f4 Qb6 10. c4 Bb4+ 11. Ke2 f5 12. Nf2 Ba6 13. Kf3 Ne7 14. Be3
Bc5 15. Bxc5 Qxc5 16. Qd6 Qa5 17. Be2 Rd8 18. Rhd1 g5 19. b3 Qb6 20. fxg5
Ng6 21. g3 h6 22. gxh6 Rxh6 23. Nd3 Nh8 24. Qc5 Nf7 25. Qxb6 axb6 26. h4 c5
27. Kf4 Bb7 28. a4 Ra8 29. a5 bxa5 30. Nxc5 Bc6 31. Rd2 Ke7 32. Rda2 Nxe5
33. Kxe5 d6+ 34. Kf4 e5+ 35. Kg5 Rf6 36. h5 dxc5 37. Rxa5 Rg8+ 38. Kh4 f4
39. Rxc5 fxg3 40. Rxe5+ Kd6 41. Rg5 Rxg5 42. Kxg5 Rf2 43. Bd3 Rd2 44. Bf5
Rh2 45. h6 g2 46. h7 Rh1 47. Rg1 Ke5 48. b4 Bf3 49. b5 Kd6 50. Kf4 Bb7 51.
Kg3 Kc5 52. Bd3 Kd4 53. Be2 Rxh7 54. Bf3 Rg7+ 55. Kf2 Rf7 56. Rxg2 Rxf3+
57. Ke1 Kxc4 58. Rc2+ Kxb5 59. Ke2 Rg3 60. Kd2 Be4 61. Rc1 Bd5 62. Rc3 Rg4
63. Ke3 Bc4 64. Kf3 Rh4 65. Ke3 Kc5 66. Rc1 Kd5 67. Rc2 Ke5 68. Rf2 Bd5 69.
Rf8 Rh3+ 70. Ke2 Kd4 71. Kf2 Rh2+ 72. Kg3 Rg2+ 73. Kh3 Rg1 74. Kh2 Rg7 75.
Rb8 Ke3 76. Kh3 Be4 77. Rb3+ Kf4 78. Kh2 Rg2+ 79. Kh3 Rc2 80. Rb4 Rc8 81.
Kh2 Rc1 0-1

[Event "1st ACP Women World Rapid Cup"]
[Site "Konya TUR"]
[Date "2009.12.01"]
[Round "3"]
[White "Kosintseva,T"]
[Black "Javakhishvili,L"]
[Result "1-0"]
[WhiteElo "2522"]
[BlackElo "2482"]
[EventDate "2009.12.01"]

1. e4 c5 2. Nf3 e6 3. d4 cxd4 4. Nxd4 a6 5. Bd3 Nf6 6. O-O Qc7 7. Qe2 d6 8.
c4 g6 9. Nc3 Bg7 10. Rd1 O-O 11. Nf3 Nc6 12. Bf4 e5 13. Be3 Bg4 14. h3 Nd4
15. Bxd4 Bxf3 16. Qxf3 exd4 17. Ne2 Qb6 18. b3 Rfe8 19. Rab1 Rac8 20. Rb2
Re7 21. Nf4 Rce8 22. Re2 Qc6 23. Rde1 Qc5 24. g4 Qg5 25. Qg3 h6 26. f3 Qe5
27. Qh2 h5 28. Nd5 Nxd5 29. exd5 Qxh2+ 30. Kxh2 Rxe2+ 31. Rxe2 Rxe2+ 32.
Bxe2 hxg4 33. fxg4 Be5+ 34. Kg2 g5 35. Kf3 f6 36. b4 Kf7 37. c5 dxc5 38.
bxc5 Ke7 39. Ke4 Kd7 40. Bd1 Kc7 41. Ba4 b6 42. d6+ Kb8 43. d7 Bc7 44. c6
b5 45. Bb3 Bb6 46. Kf5 Bd8 47. Bc2 Kc7 48. Be4 d3 49. Bxd3 Kxc6 50. Ke6 a5
51. Bf5 b4 52. Bc2 Kc7 53. Ba4 1-0

[Event "1st ACP Women World Rapid Cup"]
[Site "Konya TUR"]
[Date "2009.12.01"]
[Round "3"]
[White "Cramling,P"]
[Black "Ozturk,Ku"]
[Result "1/2-1/2"]
[WhiteElo "2525"]
[BlackElo "2177"]
[EventDate "2009.12.01"]

1. c4 e5 2. g3 g6 3. d4 Bg7 4. dxe5 Bxe5 5. Bg2 Bg7 6. Nc3 Ne7 7. Nh3 Nbc6
8. Nf4 O-O 9. Bd2 d6 10. Rc1 Nf5 11. O-O Nfd4 12. b3 Bg4 13. h3 Bd7 14.
Ncd5 Re8 15. Re1 a5 16. Bc3 a4 17. b4 Ne6 18. Bxg7 Kxg7 19. a3 Ne5 20. Qd2
Nxf4 21. gxf4 Nc6 22. Qc3+ f6 23. c5 Na7 24. cxd6 cxd6 25. Nc7 Nb5 26.
Nxe8+ Qxe8 27. Qd3 Rb8 28. e4 Qe6 29. Re3 Rf8 30. Bf1 g5 31. Rg3 h6 32. Qe3
Re8 33. fxg5 hxg5 34. f4 Qxe4 35. Qxe4 Rxe4 36. fxg5 f5 37. Bxb5 Bxb5 38.
Rc7+ Kg6 39. Rxb7 Bc4 40. Rb6 Rd4 41. h4 f4 42. Rc3 Kh5 43. Kf2 Bf7 44. Rb7
Bg6 45. b5 Kxh4 46. b6 Rd2+ 47. Ke1 Rb2 48. Rg7 Rb1+ 49. Kf2 Rb2+ 50. Kf3
Kxg5 51. b7 Kf6 52. Rg8 Rxb7 53. Kxf4 Bf7 54. Ra8 Bb3 55. Ra6 Ke6 56. Re3+
Kd7 57. Rd3 d5 58. Ke5 Bc4 59. Rd6+ Kc7 60. Rh3 Kb8 61. Kd4 Ka7 62. Kc5
Rb5+ 63. Kd4 Rb7 64. Rh8 Re7 65. Rdd8 Bb3 66. Kc5 Rc7+ 67. Kb5 Rb7+ 68. Ka5
Rc7 69. Ra8+ Kb7 70. Rhb8+ Kc6 71. Rb5 Kd6 72. Rh8 Ke5 73. Rh5+ Kd4 74. Rb6
Kc4 75. Rd6 Rc5+ 76. Kb6 Rb5+ 77. Ka6 Rc5 78. Rh4+ Kc3 79. Kb6 Rc8 80. Rh3+
Kb2 81. Kb7 Rc2 82. Kb6 Rd2 83. Ka5 Kxa3 84. Rh4 Kb2 85. Rb6 a3 86. Rh3 a2
87. Rhxb3+ Kc1 88. Ra3 Rb2 89. Rh6 d4 90. Rh1+ Kc2 91. Rh2+ Kb1 92. Rh1+
Kc2 93. Rhh3 Kb1 94. Ka4 Rd2 95. Rh1+ Kb2 96. Rb3+ Kc2 97. Ra1 d3 98. Rxa2+
Kd1 99. Rb1+ Ke2 100. Ra3 Rc2 101. Kb3 Rc7 102. Rh1 Rb7+ 103. Kc3 Rc7+ 104.
Kb2 Rb7+ 105. Kc3 Rc7+ 106. Kd4 Rd7+ 107. Ke4 Re7+ 108. Kf4 Rf7+ 109. Ke5
d2 110. Ra2 Rd7 111. Ke4 Re7+ 112. Kf4 Rd7 113. Rh2+ Ke1 114. Rh1+ Ke2 115.
Ke4 Re7+ 116. Kd4 Rd7+ 117. Kc4 Rc7+ 118. Kd5 Rd7+ 119. Ke6 Rd3 120. Kf5
Rd8 121. Kf4 Rf8+ 122. Ke4 Re8+ 123. Kd4 Rd8+ 124. Kc3 Rc8+ 125. Kb3 Rb8+
126. Kc4 Rc8+ 127. Kd5 Rd8+ 128. Ke6 Rd3 129. Ke5 Rd8 130. Rh2+ Ke1 131.
Rh1+ Ke2 132. Rh2+ Ke1 133. Rh1+ Ke2 134. Rh4 Re8+ 135. Kf4 Rf8+ 136. Ke5
Re8+ 137. Kd4 Rd8+ 138. Kc3 Rc8+ 139. Kd4 Rd8+ 140. Ke4 Re8+ 141. Kf4 Rf8+
142. Ke5 Re8+ 143. Kf6 Rd8 144. Ke7 Rd3 145. Ke6 Rd8 146. Rh2+ Ke3 147.
Ra3+ Kf4 148. Rf2+ Kg4 149. Rg2+ Kf4 150. Rf2+ Kg4 151. Rxd2 Rxd2 1/2-1/2

[Event "1st ACP Women World Rapid Cup"]
[Site "Konya TUR"]
[Date "2009.12.01"]
[Round "3"]
[White "Klinova,M"]
[Black "Yildiz,B"]
[Result "1-0"]
[WhiteElo "2305"]
[BlackElo "2213"]
[EventDate "2009.12.01"]

1. e4 e5 2. Nf3 Nc6 3. Bc4 Nf6 4. d3 Be7 5. O-O O-O 6. Nbd2 d6 7. c3 Na5 8.
Bb5 a6 9. Ba4 c5 10. h3 b5 11. Bc2 Nc6 12. Re1 Re8 13. Nf1 h6 14. Ng3 Bf8
15. Nh2 Be6 16. Qf3 d5 17. a4 Rb8 18. axb5 axb5 19. Nf5 d4 20. Qg3 Kh7 21.
Ng4 Nxg4 22. hxg4 g6 23. Nh4 Qd7 24. g5 h5 25. f4 Bg4 26. fxe5 Nxe5 27. Bf4
Bd6 28. cxd4 cxd4 29. Bb3 Rbc8 30. Ra6 Rc6 31. Rea1 Re7 32. Bd5 Rxa6 33.
Rxa6 Qc7 34. Rc6 Qb8 35. Kh1 Bd7 36. Rxd6 Qxd6 37. Nf3 Qb4 38. Bxe5 Qxb2
39. Bxd4 Qb1+ 40. Kh2 Qxd3 41. Qb8 Re8 42. Qd6 Be6 43. Qe5 1-0

[Event "1st ACP Women World Rapid Cup"]
[Site "Konya TUR"]
[Date "2009.12.01"]
[Round "4"]
[White "Socko,M"]
[Black "Yildiz,B"]
[Result "1-0"]
[WhiteElo "2457"]
[BlackElo "2213"]
[EventDate "2009.12.01"]

1. e4 e5 2. Nf3 Nc6 3. Bc4 Nf6 4. Ng5 d5 5. exd5 Na5 6. Bb5+ c6 7. dxc6
bxc6 8. Be2 h6 9. Nh3 Bd6 10. d3 O-O 11. Nc3 Bf5 12. Be3 Qd7 13. Qd2 c5 14.
Bf3 Rab8 15. Ne4 Bxe4 16. Bxe4 Nc6 17. c3 Be7 18. Bxc6 Qxc6 19. O-O Rfd8
20. Rad1 Qa4 21. b3 Qg4 22. f3 Qh5 23. c4 Qf5 24. Nf2 Nh5 25. Ne4 Rbc8 26.
Kh1 Qg6 27. g4 Nf6 28. Nxf6+ Bxf6 29. Qe2 Rd7 30. Bf2 h5 31. Qe4 Qg5 32. h4
Qf4 33. g5 Be7 34. Qxf4 exf4 35. d4 cxd4 36. Rxd4 Rxd4 37. Bxd4 a5 38. Re1
Bb4 39. Re4 Bd2 40. Kg2 a4 41. Bb6 axb3 42. axb3 Bb4 43. Rxf4 Rc6 44. c5
Bxc5 45. Bxc5 Rxc5 46. Rc4 Rd5 47. b4 Rd3 48. Kg3 Rb3 49. Kf4 Kh7 50. Ke4
Kg6 51. f4 Rh3 52. f5+ Kh7 53. Kd5 Rb3 54. Kc6 Rg3 55. b5 Rg4 56. Kc5 1-0

[Event "1st ACP Women World Rapid Cup"]
[Site "Konya TUR"]
[Date "2009.12.01"]
[Round "4"]
[White "Ozturk,Ku"]
[Black "Klinova,M"]
[Result "1/2-1/2"]
[WhiteElo "2177"]
[BlackElo "2305"]
[EventDate "2009.12.01"]

1. d4 d6 2. e4 Nf6 3. f3 e5 4. Be3 Be7 5. Ne2 O-O 6. Ng3 exd4 7. Bxd4 Nc6
8. Bf2 d5 9. Nc3 Bb4 10. a3 Bxc3+ 11. bxc3 dxe4 12. Qxd8 Rxd8 13. fxe4 Ng4
14. Bd3 Nxf2 15. Kxf2 Ne5 16. Rhd1 Be6 17. Rab1 b6 18. Ne2 f6 19. Nd4 Bf7
20. Ba6 c5 21. Nb5 Ba2 22. Ra1 Bc4 23. a4 h5 24. Bb7 Rab8 25. Bd5+ Bxd5 26.
exd5 Rb7 27. d6 Rbd7 28. a5 a6 29. Nc7 Rxd6 30. Rxd6 Rxd6 31. axb6 Rxb6 32.
Nxa6 Rb2 33. Nxc5 Rxc2+ 34. Kg1 Rxc3 35. Ne6 Rc6 36. Nf4 h4 37. h3 g5 38.
Nd5 Rd6 39. Ne7+ Kf7 40. Nf5 Rd7 41. Ra6 Kg6 42. Nd6 Nd3 43. Ne4 Rf7 44.
Rd6 Nf4 45. Ra6 Rf8 46. Kf2 Kf5 47. Kf3 Nh5 48. Ra5+ Kg6 49. Nd6 Rb8 50.
Nf5 Rb3+ 51. Kf2 Nf4 52. Ne3 Rb2+ 53. Kf3 Rb3 54. Kf2 Rb2+ 55. Kf3 Rb3 56.
Kf2 Rb2+ 57. Kf3 Rb3 58. Ke4 1/2-1/2

[Event "1st ACP Women World Rapid Cup"]
[Site "Konya TUR"]
[Date "2009.12.01"]
[Round "4"]
[White "Javakhishvili,L"]
[Black "Cramling,P"]
[Result "1/2-1/2"]
[WhiteElo "2482"]
[BlackElo "2525"]
[EventDate "2009.12.01"]

1. Nf3 Nf6 2. c4 c6 3. e3 d5 4. b3 Bg4 5. Bb2 e6 6. Be2 Nbd7 7. d3 Bd6 8.
Nbd2 e5 9. h3 Bxf3 10. Nxf3 e4 11. dxe4 Bb4+ 12. Kf1 dxe4 13. Nd4 O-O 14.
h4 Re8 15. g4 Ne5 16. g5 Nfd7 17. Qc2 Bf8 18. Rd1 Qc7 19. h5 Nc5 20. h6 g6
21. Rh4 Qe7 22. Rxe4 Nxe4 23. Qxe4 Qxg5 24. f4 Ng4 25. fxg5 Rxe4 26. Bxg4
Rxg4 27. Nf3 Bc5 28. Rd7 b5 29. cxb5 cxb5 30. Bf6 Re8 31. Ne5 Re4 32. Nxf7
Rxe3 33. Nd6 Re1+ 34. Kg2 R1e2+ 35. Kg3 R8e3+ 36. Kg4 Rg2+ 37. Kf4 Rf2+ 38.
Kg4 Rg2+ 39. Kf4 Rf2+ 40. Kg4 Rg2+ 41. Kf4 Rf2+ 42. Kg4 Bxd6 43. Rxd6 Re4+
44. Kg3 Rxa2 45. Rd8+ Kf7 46. Rd7+ Ke6 47. Rxh7 Re3+ 48. Kf4 Rxb3 49. Re7+
Kd5 50. Re5+ Kd6 51. Re4 Rh3 52. Rd4+ Ke6 53. Re4+ Kd5 54. Rd4+ Kc6 55. Kg4
Rh1 56. Re4 a5 57. Re7 Rah2 58. Be5 Rh4+ 59. Kg3 b4 60. Ra7 Kb5 61. Rg7 a4
62. Rxg6 a3 63. Rg8 b3 64. Rb8+ Kc4 65. Rc8+ Kd5 66. Bg7 b2 67. Rb8 R1h3+
68. Kg2 Rh2+ 69. Kg3 R2h3+ 70. Kg2 Rh2+ 71. Kg3 R4h3+ 72. Kg4 Rd3 73. g6
Rg2+ 74. Kh4 Ke4 75. h7 Rh2+ 76. Kg4 Rg2+ 77. Kh4 Rh2+ 78. Kg5 Rg3+ 79. Kf6
Rg1 80. Rb4+ Kd5 81. h8=Q Rxh8 82. Bxh8 b1=Q 83. Rxb1 Rxb1 84. Kf7 Rf1+ 85.
Ke7 Rg1 86. Kf7 Rf1+ 87. Ke7 a2 88. Bb2 Kc4 89. g7 Rg1 90. Kf7 Rf1+ 91. Ke7
Rg1 92. Kf7 Rf1+ 93. Ke7 Rg1 1/2-1/2

[Event "1st ACP Women World Rapid Cup"]
[Site "Konya TUR"]
[Date "2009.12.01"]
[Round "4"]
[White "Cmilyte,V"]
[Black "Kosintseva,T"]
[Result "1-0"]
[WhiteElo "2480"]
[BlackElo "2522"]
[EventDate "2009.12.01"]

1. Nf3 d5 2. d4 Nf6 3. c4 e6 4. Nc3 Bb4 5. Qa4+ Nc6 6. a3 Bxc3+ 7. bxc3 Ne4
8. Bb2 O-O 9. e3 Qe8 10. Qc2 Na5 11. Bd3 dxc4 12. Bxe4 f5 13. a4 fxe4 14.
Qxe4 Bd7 15. Ba3 Rf6 16. Ng5 Rg6 17. f4 Bc6 18. Qc2 Bxa4 19. Qe2 Bc6 20. e4
Rf6 21. O-O h6 22. Nh3 Nb3 23. Rae1 b5 24. f5 exf5 25. e5 Rf7 26. e6 Rf6
27. Qe5 Be4 28. Rxe4 fxe4 29. Rxf6 gxf6 30. Qxf6 c5 31. Qxh6 Qf8 32. Qg6+
Qg7 33. Qxe4 Re8 34. d5 b4 35. d6 Nd2 36. Qd5 Qxc3 37. e7+ Kh8 38. Qh5+ Kg7
39. Qg5+ Kh7 40. Qf5+ Kg7 41. Qg5+ Kf7 42. Qh5+ Kg7 43. Qxe8 Qa1+ 44. Kf2
Qf1+ 45. Kg3 Ne4+ 46. Kh4 Qf6+ 47. Kg4 Qe6+ 48. Kf4 Qxd6+ 49. Kxe4 Qe6+ 50.
Kf3 Qf5+ 1-0

[Event "1st ACP Women World Rapid Cup"]
[Site "Konya TUR"]
[Date "2009.12.01"]
[Round "4"]
[White "Zhukova,N"]
[Black "Menzi,N"]
[Result "1-0"]
[WhiteElo "2465"]
[BlackElo "1847"]
[EventDate "2009.12.01"]

1. d4 Nf6 2. c4 g6 3. Nc3 Bg7 4. e4 d6 5. f3 O-O 6. Bg5 c5 7. d5 e6 8. Qd2
exd5 9. cxd5 a6 10. a4 Nbd7 11. Nh3 h6 12. Be3 Qe7 13. Nf2 h5 14. Be2 Nh7
15. O-O f5 16. Bh6 Qe5 17. Nd3 Qd4+ 18. Be3 Qf6 19. exf5 Qxf5 20. Nf4 Ne5
21. Ne4 Rd8 22. Qa5 Nf7 23. Bd3 Bd4 24. Nf2 Qf6 25. Bxd4 Qxf4 26. Bxg6 Bf5
27. Bxf7+ Kxf7 28. Bc3 Rac8 29. Rae1 Rg8 30. Ne4 Ng5 31. Qb6 Rcd8 1-0

[Event "1st ACP Women World Rapid Cup"]
[Site "Konya TUR"]
[Date "2009.12.02"]
[Round "5"]
[White "Kosintseva,N"]
[Black "Zhukova,N"]
[Result "1/2-1/2"]
[WhiteElo "2518"]
[BlackElo "2465"]
[EventDate "2009.12.01"]

1. e4 e6 2. d4 d5 3. Nc3 Nf6 4. e5 Nfd7 5. f4 c5 6. Nf3 Nc6 7. Be3 a6 8.
Qd2 b5 9. a3 Qb6 10. Ne2 b4 11. axb4 Qxb4 12. c3 Qb7 13. g3 Be7 14. Bg2 Rb8
15. Ra2 Nb6 16. b3 Nd7 17. Nc1 cxd4 18. Nxd4 Nxd4 19. Bxd4 Nc5 20. b4 Ne4
21. Qe3 Qb5 22. Bf1 Qc6 23. Bd3 O-O 24. O-O f5 25. Ne2 Bb7 26. Rfa1 Ra8 27.
Qc1 Rfc8 28. Qf1 Bd8 29. Kg2 h6 30. Ra3 Nd2 31. Qf2 Nc4 32. R3a2 a5 33.
bxa5 Rxa5 34. Rxa5 Bxa5 35. Rb1 Ba6 36. Ra1 Bb7 37. Rb1 Ba6 38. Ra1 Bb7 39.
Rb1 1/2-1/2

[Event "1st ACP Women World Rapid Cup"]
[Site "Konya TUR"]
[Date "2009.12.02"]
[Round "5"]
[White "Cramling,P"]
[Black "Cmilyte,V"]
[Result "1-0"]
[WhiteElo "2525"]
[BlackElo "2480"]
[EventDate "2009.12.01"]

1. c4 g6 2. g3 Nf6 3. Bg2 d5 4. cxd5 Nxd5 5. Nc3 Nb6 6. d3 Bg7 7. Be3 O-O
8. Qc1 c6 9. Bh6 e5 10. Nf3 f6 11. O-O Be6 12. Rd1 Bxh6 13. Qxh6 c5 14.
Rac1 Qe7 15. Nd2 Na6 16. Nde4 Rac8 17. b3 Nb4 18. Rd2 a6 19. Rb2 N4d5 20.
Nxd5 Nxd5 21. h4 b6 22. Nd2 Rb8 23. Nc4 Qd7 24. a3 a5 25. Rbc2 Ne7 26. Rb2
Nf5 27. Qd2 Rfc8 28. b4 cxb4 29. axb4 a4 30. b5 Nd4 31. Qb4 Bg4 32. Re1
Nxe2+ 33. Rbxe2 Bxe2 34. Rxe2 Qxd3 35. Re4 f5 36. Nxe5 Rc1+ 37. Re1 Rxe1+
38. Qxe1 Qxb5 39. Nc6 Rf8 40. Bd5+ Kg7 41. Qe7+ 1-0

[Event "1st ACP Women World Rapid Cup"]
[Site "Konya TUR"]
[Date "2009.12.02"]
[Round "5"]
[White "Yildiz,B"]
[Black "Ozturk,Ku"]
[Result "1-0"]
[WhiteElo "2213"]
[BlackElo "2177"]
[EventDate "2009.12.01"]

1. e4 e5 2. Nf3 Nc6 3. d4 exd4 4. Nxd4 Bc5 5. Nxc6 Qf6 6. Qd2 dxc6 7. Nc3
Nh6 8. Qf4 Ng4 9. Qxf6 gxf6 10. Nd1 f5 11. f3 Ne5 12. f4 Ng6 13. e5 f6 14.
exf6 Kf7 15. Bc4+ Be6 16. Bxe6+ Kxe6 17. g3 Kxf6 18. Be3 Bxe3 19. Nxe3 Rhe8
20. Kf2 Re4 21. Rhe1 Rae8 22. Ng2 Rxe1 23. Rxe1 Rd8 24. Ke2 Ne7 25. Ne3 c5
26. Nc4 Nc6 27. c3 b5 28. Ne3 c4 29. Rd1 Rxd1 30. Kxd1 Ke6 31. Ke2 h5 32.
h3 Ne7 33. Kf3 c6 34. g4 hxg4+ 35. hxg4 fxg4+ 36. Kxg4 Kf6 37. Kf3 Nd5 38.
Nxd5+ cxd5 39. Ke3 a5 40. Kd4 Ke6 41. f5+ 1-0

[Event "1st ACP Women World Rapid Cup"]
[Site "Konya TUR"]
[Date "2009.12.02"]
[Round "6"]
[White "Socko,M"]
[Black "Ozturk,Ku"]
[Result "1-0"]
[WhiteElo "2457"]
[BlackElo "2177"]
[EventDate "2009.12.01"]

1. e4 e5 2. Nf3 Nc6 3. Bb5 a6 4. Bxc6 dxc6 5. O-O f6 6. d4 exd4 7. Nxd4 c5
8. Ne2 Qxd1 9. Rxd1 Bd7 10. Nbc3 O-O-O 11. Be3 Re8 12. Rd2 Bd6 13. Bf4 Bxf4
14. Nxf4 Bc6 15. Rad1 b6 16. Nh5 g6 17. Nf4 Nh6 18. f3 f5 19. Nfd5 fxe4 20.
Nxe4 Nf5 21. Kf2 Kb7 22. c3 h6 23. Ndf6 Re6 24. Rd8 Rxd8 25. Rxd8 Nd6 26.
Nxd6+ cxd6 27. Rf8 Bb5 28. Ne4 Bd3 29. Rf6 Rxf6 30. Nxf6 b5 31. Ke3 Bb1 32.
a3 Kc6 33. g4 d5 34. h4 Kd6 35. h5 Ke5 36. Nd7+ Kd6 37. Nf6 Ke5 38. Ng8 d4+
39. cxd4+ cxd4+ 40. Ke2 gxh5 41. gxh5 Kf4 42. Nxh6 Kg5 43. Nf7+ Kxh5 44.
Ne5 Kg5 45. Nc6 d3+ 46. Ke3 Kf5 47. Nb4 a5 48. Nxd3 Ba2 49. Kd4 Bc4 50. Ne5
Bf1 51. Nc6 b4 52. a4 Be2 53. Nxa5 Bd1 54. b3 1-0

[Event "1st ACP Women World Rapid Cup"]
[Site "Konya TUR"]
[Date "2009.12.02"]
[Round "6"]
[White "Javakhishvili,L"]
[Black "Yildiz,B"]
[Result "1-0"]
[WhiteElo "2482"]
[BlackElo "2213"]
[EventDate "2009.12.01"]

1. c4 e5 2. Nc3 Nf6 3. Nf3 Nc6 4. a3 d5 5. cxd5 Nxd5 6. Qc2 Be7 7. e3 O-O
8. Be2 Be6 9. d3 f6 10. O-O Nb6 11. b4 a6 12. Bb2 Qe8 13. Ne4 Qg6 14. Rfe1
Bd5 15. Rac1 Rad8 16. Nh4 Qf7 17. Nf5 Rfe8 18. Nxe7+ Rxe7 19. Nc5 Nb8 20.
e4 Bc6 21. Bf1 N6d7 22. d4 Nxc5 23. bxc5 Qe8 24. d5 Bb5 25. Rb1 c6 26. d6
Re6 27. Bc4 Bxc4 28. Qxc4 b6 29. cxb6 Rdxd6 30. Bc3 Kh8 31. Red1 Qd8 32.
Re1 c5 33. b7 Qc7 34. Rb2 Re7 35. Reb1 Red7 36. h3 h6 37. Kh2 Rd3 38. Rb6
Qd8 39. Ba5 Qe7 40. Rxa6 R3d4 41. Qe6 Qf8 42. Ra8 R4d6 43. Qc4 Rc6 44. Qb5
Rdd6 45. a4 Kh7 46. Bc3 Qd8 47. a5 Qc7 48. Ra1 Ra6 49. Rxa6 Rxa6 50. Rd1
Rc6 51. Rb1 c4 52. Qb4 Rc5 53. a6 Nxa6 54. b8=Q Nxb4 55. Qxc7 1-0

[Event "1st ACP Women World Rapid Cup"]
[Site "Konya TUR"]
[Date "2009.12.02"]
[Round "6"]
[White "Cmilyte,V"]
[Black "Klinova,M"]
[Result "1/2-1/2"]
[WhiteElo "2480"]
[BlackElo "2305"]
[EventDate "2009.12.01"]

1. d4 d6 2. Nf3 Nf6 3. c4 g6 4. g3 Bg7 5. Bg2 O-O 6. O-O c6 7. Nc3 Qa5 8.
h3 Qa6 9. Qd3 d5 10. Ne5 Bf5 11. Qd1 dxc4 12. e4 Be6 13. Qe2 Rd8 14. Be3
Nbd7 15. f4 Nxe5 16. fxe5 Nd7 17. Qf2 Nxe5 18. dxe5 Bxe5 19. Rad1 Rd3 20.
Ne2 Rad8 21. Rxd3 cxd3 22. Nf4 Qxa2 23. Nxe6 Qxe6 24. Bxa7 Qb3 25. Bf3 Qxb2
26. Qxb2 Bxb2 27. Kf2 Ra8 28. Bc5 Ra2 29. Ke3 Be5 30. g4 d2 31. Bxe7 b6 32.
Bb4 c5 33. Bxd2 Bd4+ 34. Ke2 c4 35. Kd1 Ra1+ 36. Bc1 b5 37. e5 b4 38. Bd5
b3 39. Bxf7+ Kg7 40. Bxc4 b2 41. Rf7+ Kg8 42. Rf6+ Kg7 43. Rf7+ Kg8 44.
Rf6+ Kg7 45. Rf7+ Kg8 46. Rf6+ Kg7 47. Rf7+ 1/2-1/2